Top 20 WWE Wrestlers With Most Wins - Statistics

General Stats
  • This quiz has been taken 156 times
  • The average score is 12 of 20
Answer Stats
Wins Win Percentage Answer % Correct
1787 78.7% John Cena
93%
1574 74.8% Hulk Hogan
92%
1274 53.0% Randy Orton
90%
1032 52.2% Triple-H
90%
1836 74.7% The Undertaker
89%
1433 68.1% Shawn Michaels
86%
995 73.1% Roman Reigns
83%
1563 51.9% Kane
81%
1045 51.7% Seth Rollins
71%
1443 56.3% Big Show
68%
1564 68.0% Rey Mysterio
62%
1882 63.7% Bret Hart
61%
1151 59.8% Dean Ambrose
52%
1486 75.0% Bruno Sammartino
44%
1113 52.3% Sheamus
38%
1314 55.0% Matt Hardy
36%
1276 58.4% Kofi Kingston
34%
1355 60.2% AJ Styles
29%
1783 62.6% Tito Santana
10%
1478 61.7% The British Bulldog
9%
No matching quizzes found
Score Distribution
Percent of People with Each Score
Percentile by Number Answered
Your Score History
You have not taken this quiz